Music Quiz

Random Music or Clickable Quiz

Finish The Lyrics: Madonna Quiz Stats

 Plays Quiz not verified by Sporcle

Challenge
Share
Tweet
Embed
Score 0/17 Timer 03:00
0 Plays Today
% Correct
little girl
94.8%
you are a mystery
92%
sad and blue
89.8%
bump and grind it
87.9%
higher ground
83.3%
most of the dark
83%
point of view
82.9%
head down and cry
82.3%
heart fits me like a glove
82.2%
% Correct
luxuries so fine
82%
happy days
80.7%
to let them be
78.7%
the rebel
70.9%
ask them why
70.2%
threatens everyone
67.7%
it's all true
60%
Heaven forbid
56.2%

You're not logged in!

Compare scores with friends on all Sporcle quizzes.
Join for Free
OR
Log In

You Might Also Like...

Show Comments

Extras

Top Quizzes Today


Score Distribution

Your Account Isn't Verified!

In order to create a playlist on Sporcle, you need to verify the email address you used during registration. Go to your Sporcle Settings to finish the process.

Report this User

Report this user for behavior that violates our Community Guidelines.

Details: